000 01050cam a2200325 a 4500
999 _c330737
_d330737
001 13940707
003 NUST
005 20180116123014.0
008 040122s2003 pk b 001 0 eng
010 _a 2003344641
020 _a9695290078
025 _aP-E-2003344641; 17
035 _a(DLC) 2003344641
040 _aDLC
_cDLC
_dDLC
042 _alcode
043 _aa-pk---
050 0 0 _aDS392.L38
_bG39 2003
082 0 0 _a954.918
_bGAZ
245 0 0 _aGazetteer of the province of Sindh Larkana district /
_ccompiled by J.W. Smyth.
246 3 0 _aLarkana district
260 _aKarachi :
_bIndus Publications,
_c2003.
300 _a98 p. :
_bmap. ;
_c23 cm.
500 _aOrginally published: 1919.
500 _aIncludes index.
651 0 _aLārkāna District (Pakistan)
_93715
700 1 _aSmyth, J. W.
_91303
906 _a7
_bcbc
_corigode
_d3
_encip
_f20
_gy-gencatlg
942 _2ddc
_cBK